Retoma la toma En común luchamos por la educación pública y patrimonial
Gespeichert in:
| Weitere Verfasser: | , , , , , , , , , , , , |
|---|---|
| Format: | Buch |
| Sprache: | Spanish |
| Veröffentlicht: |
san José, Costa Rica
VAS; UCR, IIS
2021
|
| Schlagworte: | |
| Online Zugang: | https://graficadeprotesta.wordpress.com/ |
| Tags: |
Tag hinzufügen
Keine Tags, Fügen Sie den ersten Tag hinzu!
|
MARC
| LEADER | 00000nam a22000007a 4500 | ||
|---|---|---|---|
| 003 | cru IIS | ||
| 005 | 20220328113541.0 | ||
| 008 | 220323b2021 cr ||||| |||| 00| 0 spa d | ||
| 040 | |c cru CRAI/IIS | ||
| 090 | |a 05.03.07 R438r | ||
| 245 | 1 | |a Retoma la toma |b En común luchamos por la educación pública y patrimonial |c Equipo Gráfica de Protesta y otros | |
| 260 | |a san José, Costa Rica |b VAS; UCR, IIS |c 2021 | ||
| 300 | |a 24 páginas | ||
| 650 | 0 | 0 | |0 TESAUROS |2 OCDE |9 3 |a MOVIMIENTOS SOCIALES |
| 650 | 0 | 0 | |2 OCDE |9 4282 |a MOVIMIENTOS ESTUDIANTILES |0 TESAUROS |
| 650 | 0 | 0 | |2 CLACSO |9 10333 |a PROTESTA SOCIAL |0 TESAUROS |
| 650 | 0 | 0 | |9 4358 |a UNIVERSIDAD DE COSTA RICA |0 TESAUROS |
| 700 | 1 | |9 6693 |a Villena Fiengo, Sergio Edgar |d 1964- | |
| 700 | 1 | |9 10336 |a Jara Zúñiga, Sthefanny | |
| 700 | 1 | |9 10335 |a Trejos Dover, Rodolfo | |
| 700 | 1 | |9 10338 |a Álcazar Fallas, Alejandro | |
| 700 | 1 | |9 10339 |a Leal, Katherine | |
| 700 | 1 | |9 10340 |a Wing Ching Díaz, Carlos | |
| 700 | 1 | |9 10341 |a Zagt Hernández, Pablo | |
| 700 | 1 | |9 10342 |a Sánchez, Naomi | |
| 700 | 1 | |9 10343 |a Camacho Varela, Camilo | |
| 700 | 1 | |9 10334 |a Villegas Zúñiga , Marialina | |
| 700 | 1 | |9 10344 |a Álvarez, Melissa | |
| 700 | 1 | |9 10345 |a Rosmarinus, Elena | |
| 700 | 1 | |9 10346 |a Arce Solano, Mariano | |
| 856 | 4 | |u https://graficadeprotesta.wordpress.com/ | |
| 942 | |2 z |c LI |h 05.03.07 R438r |i 22031 |6 050307_R438R_22031 | ||
| 999 | |c 44158 |d 44158 | ||
